[Event "IMSA Blitz w 2016"]
[Site "Huai'an CHN"]
[Date "2016.02.28"]
[Round "5.6"]
[White "Tan, Zhongyi"]
[Black "Gunina, Valentina"]
[Result "0-1"]
[WhiteTitle "WGM"]
[BlackTitle "GM"]
[WhiteElo "2504"]
[BlackElo "2496"]
[WhiteFideId "8603642"]
[BlackFideId "4167570"]
[EventDate "2016.02.28"]

1. Nf3 d5 2. g3 c6 3. c4 Nf6 4. Bg2 g6 5. b3 Bg7 6. Bb2 O-O 7. O-O a5 8. d3 Na6
9. Nbd2 Bg4 10. h3 Bxf3 11. Nxf3 a4 12. cxd5 Nxd5 13. Bxg7 Kxg7 14. bxa4 Nc5 15.
Qc2 Nxa4 16. Rab1 Qc7 17. e4 Nf6 18. Rb4 Nb6 19. Rfb1 Ra6 20. Qb2 Na4 21. Rxb7
Nxb2 22. Rxc7 Rxa2 23. Bf1 Rd8 24. Ne5 Ne8 25. Rxe7 Kf6 26. Nxc6 Rc8 27. e5+ Kg7
28. Nb4 Ra4 29. Rxb2 Rb8 30. d4 Kf8 31. Rd7 Raxb4 32. Rxb4 Rxb4 33. Bg2 Rb1+ 34.
Kh2 Rb2 35. f4 Ng7 36. Rb7 Rd2 37. d5 Nf5 38. Rb3 h5 39. Kg1 Rd1+ 40. Kf2 Rd2+
41. Kf1 h4 42. gxh4 Rd4 43. d6 Rxf4+ 44. Ke1 Rd4 45. Rb8+ Kg7 46. Bc6 Nxd6 47.
exd6 Rxd6 48. Bf3 Rd4 49. h5 Rh4 50. Bg2 Rxh5 51. Kf2 Rf5+ 52. Ke3 Re5+ 53. Kd4
Re2 54. Bf3 Rh2 55. Bg4 f5 56. Rb7+ Kh6 57. Bxf5 gxf5 58. Rb8 Kg5 59. Ke5 Re2+
60. Kd4 Kf4 61. Rb3 Rd2+ 62. Kc4 Rh2 63. Kd4 Rd2+ 64. Kc4 Ke4 65. h4 Rh2 66. Rb8
Rxh4 67. Re8+ Kf3+ 68. Kd3 f4 69. Kd2 Rh1 70. Rf8 Rh2+ 71. Ke1 Ra2 72. Rf7 Ra1+
73. Kd2 Rf1 74. Rg7 Kf2 75. Kd3 f3 76. Ke4 Ra1 77. Rb7 Ra4+ 78. Kd3 Kg2 79. Rg7+
Kf1 80. Ke3 Ra3+ 81. Kd2 f2 82. Rg6 Ra8 83. Rg5 Rd8+ 84. Kc2 Rh8 85. Kd2 Rh2 86.
Rf5 Kg1 0-1

[Event "IMSA Blitz w 2016"]
[Site "Huai'an CHN"]
[Date "2016.02.28"]
[Round "5.7"]
[White "Mkrtchian, Lilit"]
[Black "Harika, Dronavalli"]
[Result "0-1"]
[WhiteTitle "IM"]
[BlackTitle "GM"]
[WhiteElo "2434"]
[BlackElo "2511"]
[WhiteFideId "13300601"]
[BlackFideId "5015197"]
[EventDate "2016.02.28"]

1. c4 g6 2. g3 Bg7 3. Bg2 d6 4. Nc3 e5 5. e3 Ne7 6. b3 a5 7. Bb2 c6 8. d4 exd4
9. exd4 O-O 10. Nge2 d5 11. c5 Bf5 12. h3 h5 13. O-O Nd7 14. Qd2 Re8 15. Rfe1
Nf8 16. Na4 Nd7 17. Nf4 Kh7 18. Nd3 Bh6 19. Qc3 Ng8 20. Ne5 Nxe5 21. dxe5 Bg7
22. Nb6 Rb8 23. Rad1 Qe7 24. Qxa5 Qe6 25. Kh2 g5 26. Qd2 Bh6 27. Qe2 Bg6 28. Bd4
Ne7 29. Bb2 Nf5 30. b4 Rbd8 31. a4 d4 32. Qc4 d3 33. Qxe6 fxe6 34. Nc4 Nd4 35.
Nd6 Nc2 36. Nxe8 Nxe1 37. Nf6+ Kg7 38. Rxe1 d2 39. Rd1 Bc2 40. Bf3 Bxd1 41. Bxd1
h4 42. Kg2 hxg3 43. fxg3 Kf7 44. Ne4 Rd3 45. Kf2 g4 46. hxg4 Ke7 47. g5 Bg7 48.
Ke2 Rd5 49. Nf6 Bxf6 50. gxf6+ Kf7 51. Bb3 Rd8 52. Bc3 Rg8 53. Kf3 Rd8 54. Bd1
Rd3+ 55. Ke2 Rxc3 56. g4 Rc4 57. Kxd2 Rxb4 58. g5 Rd4+ 59. Kc1 Rc4+ 60. Kb2 Rxc5
61. Bh5+ Kf8 62. g6 Rxe5 63. g7+ Kg8 64. Bg4 Re4 65. Bh3 Re3 66. Bg4 Re4 67. Bh3
Kf7 68. a5 Re2+ 69. Kc1 Re4 70. Kd2 Re5 71. Kd3 Rg5 72. Kd4 Kxf6 73. Bf1 Kxg7 0-1

[Event "IMSA Blitz w 2016"]
[Site "Huai'an CHN"]
[Date "2016.02.28"]
[Round "6.1"]
[White "Ju, Wenjun"]
[Black "Huang, Qian"]
[Result "1/2-1/2"]
[WhiteTitle "GM"]
[BlackTitle "WGM"]
[WhiteElo "2558"]
[BlackElo "2450"]
[WhiteFideId "8603006"]
[BlackFideId "8602689"]
[EventDate "2016.02.28"]

1. Nf3 d5 2. g3 c5 3. Bg2 Nc6 4. d4 Nf6 5. O-O e6 6. c4 dxc4 7. Qa4 Bd7 8. dxc5
Bxc5 9. Qxc4 Be7 10. Nc3 O-O 11. Rd1 Rc8 12. e4 Qa5 13. Qe2 e5 14. Bd2 Qa6 15.
Qxa6 bxa6 16. h3 Be6 17. Be3 h6 18. Nd5 Nxe4 19. Nxe7+ Nxe7 20. Nxe5 Nc5 21. b3
Nf5 22. Bf4 Rfd8 23. Nc6 Rxd1+ 24. Rxd1 g5 25. Nxa7 Re8 26. Bc1 a5 27. Ba3 Na6
28. Nb5 Nb4 29. Nc7 Rc8 30. Nxe6 fxe6 31. Rd2 Kf7 32. Be4 Ne7 33. Bxb4 axb4 34.
Rd4 Rb8 35. Kg2 Kf6 36. Rd7 Rb6 37. Ra7 Nf5 38. Bd3 Nd4 39. Bc4 Nf5 40. Rc7 Rb8
41. Rc6 Nd4 42. Rc7 Ra8 43. Rb7 Rxa2 44. Rxb4 Nc2 45. Rb6 Ne3+ 46. Kf3 Nxc4 47.
bxc4 Rc2 48. Rc6 Ke5 49. Rc8 h5 50. Rh8 Rxc4 51. Rxh5 Kf6 52. Rh6+ Kf7 53. Rh8
Ra4 54. Rc8 Kf6 55. Rf8+ Kg7 56. Rb8 Kf6 57. Rb5 Rc4 58. Ra5 Rb4 59. Ra3 Rc4 60.
Re3 Ra4 61. Re4 Ra2 62. Re2 Ra3+ 63. Kg4 Ra4+ 64. Kh5 Ra8 65. Rb2 Rh8+ 66. Kg4
Ra8 67. Rb4 Ra2 68. f4 gxf4 69. Rxf4+ Kg6 70. Re4 Kf6 71. h4 e5 72. Re1 Ra4+ 73.
Kf3 Kf5 74. h5 e4+ 75. Kg2 Kg4 76. h6 Ra2+ 77. Kg1 Kxg3 78. Re3+ Kf4 79. Rh3 Ra8
80. h7 Rh8 81. Kf2 Kg5 82. Ke3 Kg6 83. Kxe4 Rxh7 84. Rxh7 Kxh7 1/2-1/2

[Event "IMSA Blitz w 2016"]
[Site "Huai'an CHN"]
[Date "2016.02.28"]
[Round "6.3"]
[White "Gunina, Valentina"]
[Black "Mkrtchian, Lilit"]
[Result "1-0"]
[WhiteTitle "GM"]
[BlackTitle "IM"]
[WhiteElo "2496"]
[BlackElo "2434"]
[WhiteFideId "4167570"]
[BlackFideId "13300601"]
[EventDate "2016.02.28"]

1. d4 Nf6 2. c4 e6 3. Nf3 b6 4. g3 Bb7 5. Bg2 Be7 6. O-O O-O 7. Re1 Na6 8. Qc2
c5 9. d5 exd5 10. Nh4 Bc6 11. cxd5 Nb4 12. Qd1 Nbxd5 13. e4 Nc7 14. Nf5 Ne6 15.
Nc3 Rc8 16. Nd5 Re8 17. Ndxe7+ Rxe7 18. Nxe7+ Qxe7 19. e5 Ne8 20. Be3 Bxg2 21.
Kxg2 N8c7 22. Qd3 Nf8 23. Rad1 Qxe5 24. Bf4 Qf6 25. Bxc7 Qc6+ 26. Qf3 Qxf3+ 27.
Kxf3 Rxc7 28. Re8 g6 29. Rd8 Kg7 30. a4 Rc6 31. Ra8 a5 32. Ra7 Rf6+ 33. Kg2 Re6
34. Rd3 Re4 35. Rb3 Rxa4 36. Rxb6 c4 37. Rb5 Ra1 38. Raxa5 Rc1 39. Rd5 Rc2 40.
Rab5 Kf6 41. Rd4 Ke7 42. Rb4 d5 43. Rxd5 Ne6 44. Rb7+ Kf6 45. Rdd7 Ng5 46. h4
Ne4 47. Rxf7+ Ke5 48. Rbe7+ Kd5 49. Rd7+ Kc6 50. Rc7+ Kb5 51. Rf4 Nc5 52. Rf8 c3
53. bxc3 Rxc3 54. Rb8+ Kc4 55. Rbc8 Kd4 56. Rxh7 1-0

[Event "IMSA Blitz w 2016"]
[Site "Huai'an CHN"]
[Date "2016.02.28"]
[Round "6.4"]
[White "Dzagnidze, Nana"]
[Black "Tan, Zhongyi"]
[Result "1/2-1/2"]
[WhiteTitle "GM"]
[BlackTitle "WGM"]
[WhiteElo "2529"]
[BlackElo "2504"]
[WhiteFideId "13601903"]
[BlackFideId "8603642"]
[EventDate "2016.02.28"]

1. d4 Nf6 2. Bg5 d5 3. Nd2 Bf5 4. Ngf3 Nbd7 5. e3 h6 6. Bh4 e6 7. c4 c6 8. Be2
Be7 9. O-O O-O 10. a3 Ne4 11. Bxe7 Qxe7 12. Rc1 a5 13. Nxe4 Bxe4 14. Nd2 Bg6 15.
Bf3 Rfc8 16. Re1 Nf6 17. Qb3 Qd7 18. Qc3 b5 19. b3 a4 20. cxb5 cxb5 21. Qb2 Qa7
22. b4 Bd3 23. Rc5 Nd7 24. Qc3 Nxc5 25. dxc5 Bg6 26. h4 Rab8 27. Be2 f6 28. f4
Be4 29. Nf3 Bxf3 30. Bxf3 Qc7 31. Rd1 Rd8 32. Rd2 Kh8 33. Qd3 e5 34. fxe5 Qxe5
35. Bxd5 Qa1+ 36. Kf2 Qe5 37. e4 Qh2 38. Qg3 Qh1 39. c6 Qc1 40. Qe3 Rbc8 41. Re2
Qb1 42. Qf3 Qa1 43. Qe3 Qe5 44. Qg3 Qd4+ 45. Qe3 Qe5 46. g3 Qd6 47. Rc2 Re8 48.
Qf4 Qd8 49. Rc5 Qb6 50. Kf3 Re5 51. Qg4 Rc7 52. Qh3 Qb8 53. Qf1 f5 54. Qxb5
fxe4+ 55. Ke3 Qf8 56. Qe2 Rc8 57. c7 Rxc7 58. Rxc7 Rxd5 59. Rc3 Qf6 60. Qe1 Qd4+
61. Ke2 Rd8 62. Re3 Qc4+ 63. Kf2 Rf8+ 64. Kg2 Qc2+ 65. Qe2 Qc1 66. Rxe4 Qxa3 67.
b5 Qb3 68. Re8 Qd5+ 69. Kh2 Rxe8 70. Qxe8+ Kh7 71. b6 a3 72. Qa4 a2 73. b7 Qxb7
74. Qxa2 1/2-1/2

[Event "IMSA Blitz w 2016"]
[Site "Huai'an CHN"]
[Date "2016.02.28"]
[Round "6.5"]
[White "Khotenashvili, Bela"]
[Black "Lagno, Kateryna"]
[Result "0-1"]
[WhiteTitle "GM"]
[BlackTitle "GM"]
[WhiteElo "2502"]
[BlackElo "2529"]
[WhiteFideId "13602640"]
[BlackFideId "14109336"]
[EventDate "2016.02.28"]

1. d4 Nf6 2. c4 g6 3. Nc3 d5 4. Nf3 Bg7 5. Qb3 dxc4 6. Qxc4 O-O 7. Bf4 Na6 8. e4
c5 9. d5 e6 10. Be2 exd5 11. exd5 Nb4 12. O-O Nfxd5 13. Rad1 Be6 14. a3 Nxc3 15.
Rxd8 Bxc4 16. Rxf8+ Bxf8 17. Bxc4 Nbd5 18. Be5 Nb6 19. Bxf7+ Kxf7 20. Bxc3 Be7
21. h4 Rd8 22. Re1 Nd5 23. Be5 b5 24. g3 c4 25. Nd4 a6 26. Kg2 Bf6 27. Bxf6 Nxf6
28. Nf3 a5 29. Ne5+ Kg7 30. Nc6 Rd2 31. Re7+ Kf8 32. Rb7 Rxb2 33. Nd4 c3 34.
Ne6+ Ke8 35. Rc7 Re2 36. Nd4 Rd2 37. Nxb5 c2 38. Kf3 Nd5 39. Rc5 Kd7 40. Ke4 Nb6
41. Ke3 Rd5 42. Rxd5+ Nxd5+ 43. Kd2 Nf6 44. Nc3 Ng4 45. Ne4 Ke6 46. Kxc2 Kd5 47.
f3 Ne3+ 48. Kd3 Nf5 49. Nf6+ Ke6 50. Ne4 Ke5 51. a4 h5 52. f4+ Kd5 53. Nf6+ Ke6
54. Ne4 Kd5 55. Nf6+ Kc5 56. Nd7+ Kb4 57. Ne5 Kxa4 58. Nxg6 Kb3 59. Ne5 a4 60.
Nf3 a3 61. Nd2+ Kb4 62. Kc2 Nxg3 63. Nf3 Nf5 64. Kb1 Kb3 65. Nd2+ Kc3 66. Ne4+
Kb3 67. Nd2+ Kb4 68. Nf3 Ne3 69. Ka2 Nf5 70. Ka1 Kb3 71. Kb1 Kc3 72. Ka2 Kd3 73.
Kxa3 Ke4 74. Ng5+ Kxf4 75. Nh7 Ke5 76. Ng5 Nxh4 77. Kb3 Kf5 78. Nh3 Kg4 79. Nf2+
Kf3 80. Nh3 Nf5 81. Kc3 h4 82. Kd2 Kg3 83. Ng5 Kf4 84. Nh3+ Kg4 85. Nf2+ Kg3 86.
Ke1 Kg2 87. Ke2 Nd4+ 88. Ke3 Nf5+ 89. Ke2 Ng3+ 90. Ke3 Nf1+ 91. Ke2 Ng3+ 92. Ke3
Nf5+ 93. Ke2 Nd4+ 94. Ke3 Nf5+ 95. Ke2 Nh6 96. Ke3 Nf7 97. Ke2 Nd6 98. Ke3 Nc4+
99. Ke2 Nd2 100. Ke3 Nf1+ 101. Ke2 Ng3+ 102. Ke3 Nh5 103. Ke2 Nf6 104. Ke3 Nd5+
105. Ke2 Nb4 106. Ke3 Nc2+ 107. Kf4 0-1

[Event "IMSA Blitz w 2016"]
[Site "Huai'an CHN"]
[Date "2016.02.28"]
[Round "6.7"]
[White "Socko, Monika"]
[Black "Zhao, Xue"]
[Result "0-1"]
[WhiteTitle "GM"]
[BlackTitle "GM"]
[WhiteElo "2448"]
[BlackElo "2506"]
[WhiteFideId "1106619"]
[BlackFideId "8601283"]
[EventDate "2016.02.28"]

1. d4 e6 2. c4 b6 3. e4 Bb7 4. d5 Bb4+ 5. Bd2 Bxd2+ 6. Nxd2 d6 7. Ngf3 Nd7 8.
Be2 Ngf6 9. O-O O-O 10. Rc1 c6 11. dxc6 Bxc6 12. Qc2 Nc5 13. Bd3 Rc8 14. b4 Ncd7
15. Rfe1 Bb7 16. Nb3 Qc7 17. Qd2 Qb8 18. Nbd4 Rfd8 19. Ng5 h6 20. Ngf3 Ne5 21.
h3 Qa8 22. Qe3 Nxd3 23. Qxd3 Bxe4 24. Qe3 e5 25. Nb5 Bxf3 26. gxf3 Nh5 27. Red1
Qb8 28. a4 Nf4 29. Kh2 Rc6 30. c5 Qc8 31. Qxf4 exf4 32. Nxa7 Qb7 33. Nxc6 Qxc6
34. Kg2 bxc5 35. bxc5 d5 36. a5 d4 37. Rd3 g5 38. Rc4 Qb5 39. Rdxd4 Rxd4 40.
Rxd4 Qxc5 41. Rd8+ Kg7 42. a6 Qa7 43. Rd6 Kf8 44. Rxh6 Ke7 45. Rc6 Kd8 46. Rf6
Qe7 47. Rb6 Qa7 48. Rf6 Kc8 49. Rc6+ Kb8 50. Rh6 Qe7 51. Rb6+ Ka8 52. Rc6 Ka7
53. Kh2 Qe5 54. Kg2 Qd4 55. Rc7+ Kxa6 56. Rxf7 Kb6 57. Rf5 Qg7 58. Rd5 Kc6 59.
Ra5 Kd6 60. Ra6+ Ke5 61. Ra5+ Kf6 62. Ra6+ Kf5 63. Ra5+ Kg6 64. Ra6+ Kh5 65. Ra8
Qe5 66. Ra7 Qf5 67. Ra8 Qf6 68. Ra7 Qg6 69. Ra8 Qg7 70. Rb8 Qc7 71. Rh8+ Kg6 72.
Re8 Kf7 73. Re4 Qc6 74. Rd4 Qc8 75. Re4 Kg6 76. Rd4 Kh5 77. Rd6 Qf8 78. Rd7 Qf5
79. Rd8 Qe5 80. Rd7 Qe6 81. Rh7+ Kg6 82. Rc7 Qd6 83. Rc4 Qd7 84. Rc5 Kh5 85. Rc1
Kh4 86. Rh1 Qc8 87. Rh2 Qf5 88. Rh1 Qd3 89. Rh2 Qd7 90. Rh1 Kh5 91. Rh2 Kg6 92.
Rh1 Qd2 93. Rb1 Kf6 94. Rb6+ Ke5 95. Rb5+ Kd4 96. Rxg5 Kc3 97. Re5 Qd6 98. Re4
Qg6+ 99. Kh2 Kd3 100. h4 Qh5 101. Rxf4 Qe5 102. Kg3 Ke2 103. h5 Qd6 104. h6 Qxh6
105. Re4+ Kf1 106. f4 Qg6+ 107. Kf3 Qg2+ 108. Ke3 Qxf2+ 109. Kd3 Qf3+ 110. Kd4
Kg2 111. Ke5 Qc3+ 112. Kf5 Kh3 113. Re5 Qd3+ 114. Kf6 Qd8+ 115. Kf5 Qf8+ 116.
Ke4 Qb4+ 117. Kf5 Qb1+ 118. Kg5 Qg1+ 119. Kf6 Qb6+ 120. Kg5 Kg3 121. f5 Qd4 122.
Re6 Qd2+ 123. Kg6 Qd3 124. Kg5 Qd2+ 125. Kg6 Kf4 126. f6 Qd3+ 127. Kg7 Qg3+ 128.
Kf8 Kf5 129. Rc6 Qb8+ 130. Ke7 Qb7+ 131. Kd6 Kxf6 132. Kc5+ Ke5 133. Rb6 Qc7+
134. Rc6 Qa5+ 135. Kc4 Qd5+ 0-1

[Event "IMSA Blitz w 2016"]
[Site "Huai'an CHN"]
[Date "2016.02.28"]
[Round "7.3"]
[White "Paehtz, Elisabeth"]
[Black "Socko, Monika"]
[Result "1-0"]
[WhiteTitle "IM"]
[BlackTitle "GM"]
[WhiteElo "2472"]
[BlackElo "2448"]
[WhiteFideId "4641833"]
[BlackFideId "1106619"]
[EventDate "2016.02.28"]

1. d4 Nf6 2. Nf3 e6 3. e3 c5 4. Bd3 b6 5. c4 Bb7 6. Nc3 cxd4 7. exd4 Bb4 8. O-O
O-O 9. a3 Bxc3 10. bxc3 Nc6 11. Bg5 h6 12. Bh4 Rc8 13. Qe2 Na5 14. Ne5 g5 15.
Bg3 d6 16. Nf3 Ba6 17. Nd2 d5 18. f4 dxc4 19. Bc2 g4 20. Bh4 Kg7 21. Ne4 h5 22.
Bxf6+ Qxf6 23. Nxf6 Kxf6 24. f5 Ke7 25. fxe6 fxe6 26. Rxf8 Rxf8 27. Rf1 Re8 28.
Qe5 Bb7 29. Bg6 1-0

[Event "IMSA Blitz w 2016"]
[Site "Huai'an CHN"]
[Date "2016.02.28"]
[Round "7.5"]
[White "Tan, Zhongyi"]
[Black "Khotenashvili, Bela"]
[Result "1/2-1/2"]
[WhiteTitle "WGM"]
[BlackTitle "GM"]
[WhiteElo "2504"]
[BlackElo "2502"]
[WhiteFideId "8603642"]
[BlackFideId "13602640"]
[EventDate "2016.02.28"]

1. d4 g6 2. Nf3 Bg7 3. c4 c5 4. d5 d6 5. Nc3 e6 6. g3 exd5 7. cxd5 Nf6 8. Bg2
O-O 9. O-O a6 10. a4 Re8 11. Bf4 Ne4 12. Rc1 Nxc3 13. bxc3 Bf5 14. c4 b5 15.
axb5 axb5 16. cxb5 Bg4 17. h3 Bxf3 18. Bxf3 Qb6 19. Qb3 Nd7 20. e3 Ne5 21. Bxe5
Bxe5 22. Rc2 Ra5 23. Be2 Rea8 24. Qd3 Ra3 25. Qd2 R8a4 26. Bc4 Rb4 27. Qe2 Raa4
28. Kg2 Kg7 29. Rfc1 Qd8 30. Ra2 Qa5 31. Rxa4 Qxa4 32. Rc2 Qa1 33. Ra2 Qc1 34.
Rc2 Qa1 35. Ra2 Qc1 36. Rc2 Qa1 37. Ra2 Qc1 38. Rc2 1/2-1/2

[Event "IMSA Blitz w 2016"]
[Site "Huai'an CHN"]
[Date "2016.02.28"]
[Round "7.6"]
[White "Mkrtchian, Lilit"]
[Black "Dzagnidze, Nana"]
[Result "1/2-1/2"]
[WhiteTitle "IM"]
[BlackTitle "GM"]
[WhiteElo "2434"]
[BlackElo "2529"]
[WhiteFideId "13300601"]
[BlackFideId "13601903"]
[EventDate "2016.02.28"]

1. c4 e5 2. Nc3 Nc6 3. g3 g6 4. Bg2 Bg7 5. d3 d6 6. e4 Nge7 7. Nge2 O-O 8. O-O
f5 9. Nd5 Kh8 10. Be3 Be6 11. Qd2 Qd7 12. Bg5 Ng8 13. Be3 Nf6 14. f3 Rae8 15.
Rac1 b6 16. Kh1 Nd8 17. exf5 Bxf5 18. f4 c6 19. Nxf6 Bxf6 20. d4 exf4 21. Bxf4
Bg7 22. Nc3 Nb7 23. Rce1 Bh3 24. Ne4 Bxg2+ 25. Kxg2 d5 26. cxd5 Qxd5 27. Qe2 c5
28. Qf3 cxd4 29. Nd2 Qxf3+ 30. Nxf3 Nc5 31. Rxe8 Rxe8 32. Rd1 Re2+ 33. Kf1 Rxb2
34. Nxd4 Rxa2 35. Nc6 Ra1 36. Rxa1 Bxa1 37. Nxa7 Kg8 38. Be3 Nd7 39. Nb5 Kf7 40.
Ke2 Ke6 41. Kd3 Kd5 42. Na3 Be5 43. Nc2 b5 44. Nb4+ Ke6 45. Nc6 Bd6 46. Nd4+ Kd5
47. Nxb5 Be5 48. Nc3+ Bxc3 49. Kxc3 Ke4 50. Bf4 Kf3 51. Kd4 Kg2 52. h4 Kf3 53.
Kd5 Nf6+ 54. Ke6 Nh5 55. Be5 Nxg3 56. Kf6 Nf5 57. h5 Nh4 58. hxg6 Nxg6 59. Bc3
Nf4 60. Kg5 h5 61. Bd2 Ne6+ 62. Kxh5 1/2-1/2

[Event "IMSA Blitz w 2016"]
[Site "Huai'an CHN"]
[Date "2016.02.28"]
[Round "7.8"]
[White "Huang, Qian"]
[Black "Harika, Dronavalli"]
[Result "1/2-1/2"]
[WhiteTitle "WGM"]
[BlackTitle "GM"]
[WhiteElo "2450"]
[BlackElo "2511"]
[WhiteFideId "8602689"]
[BlackFideId "5015197"]
[EventDate "2016.02.28"]

1. c4 g6 2. Nf3 Bg7 3. g3 d6 4. Bg2 e5 5. O-O Nc6 6. e3 Nge7 7. d4 O-O 8. d5 Nb8
9. Nc3 a5 10. a3 h6 11. Rb1 f5 12. b4 axb4 13. axb4 e4 14. Nd4 c5 15. bxc5 dxc5
16. Ndb5 Bd7 17. d6 Nec6 18. Nc7 Ra5 19. N3d5 Na6 20. Nxa6 Rxa6 21. Rxb7 Ne5 22.
Bb2 Rxd6 23. Qc2 Rf7 24. Ra1 Be6 25. Raa7 Rdd7 26. Qb3 Rxb7 27. Rxb7 Rxb7 28.
Qxb7 Nd7 29. Bxg7 Kxg7 30. Qc6 Bf7 31. Qd6 Qe8 32. g4 Qe6 33. Qf4 Qe5 34. gxf5
Qxf4 35. Nxf4 gxf5 36. f3 Ne5 37. fxe4 Nxc4 38. Kf2 fxe4 39. Bxe4 Nd6 40. Bc2 c4
41. e4 c3 42. Ke3 Nb5 43. Nd5 Bxd5 44. exd5 Kf6 45. Kd3 Ke5 46. Kc4 Nd6+ 47.
Kxc3 Kxd5 48. Kd2 Ke5 49. Ke3 Kf6 50. Kf4 Kg7 51. Be4 Nxe4 52. Kxe4 1/2-1/2

[Event "IMSA Blitz w 2016"]
[Site "Huai'an CHN"]
[Date "2016.02.28"]
[Round "8.1"]
[White "Ju, Wenjun"]
[Black "Harika, Dronavalli"]
[Result "1-0"]
[WhiteTitle "GM"]
[BlackTitle "GM"]
[WhiteElo "2558"]
[BlackElo "2511"]
[WhiteFideId "8603006"]
[BlackFideId "5015197"]
[EventDate "2016.02.28"]

1. Nf3 g6 2. e4 c5 3. c3 Bg7 4. d4 cxd4 5. cxd4 d5 6. e5 Nc6 7. h3 Nh6 8. Nc3 f6
9. exf6 exf6 10. Qb3 O-O 11. Qxd5+ Qxd5 12. Nxd5 Bd7 13. Bc4 Kh8 14. O-O Be6 15.
Ne3 Bxc4 16. Nxc4 Rad8 17. Be3 Nf5 18. Rad1 b5 19. Na3 a6 20. Nc2 Nxe3 21. fxe3
Rfe8 22. Kf2 Bh6 23. Rfe1 f5 24. Rd3 Ne7 25. Ne5 Kg8 26. Nb4 a5 27. Nbc6 Nxc6
28. Nxc6 Rd6 29. Nxa5 Ra6 30. b4 Rc8 31. d5 Bf8 32. a3 Rc2+ 33. Re2 Rc1 34. Red2
Bd6 35. Nb7 Kf7 36. Rd1 Rc2+ 37. Kf3 Ke7 38. Re1 Ra2 39. e4 R6xa3 40. exf5+ Kd7
41. Rxa3 Rxa3+ 42. Re3 Rxe3+ 43. Kxe3 Bxb4 44. fxg6 hxg6 45. Kd4 Bd6 46. Nc5+
Ke7 47. Ne4 Kd7 48. h4 Be7 49. g3 Bd6 50. Nf6+ Ke7 51. Ne4 Kd7 52. g4 Be7 53. h5
gxh5 54. gxh5 Bf8 55. Nc5+ Kd6 56. Ne4+ Kd7 57. Ng3 b4 58. Nf5 Ke8 59. h6 Kf7
60. h7 b3 61. h8=Q b2 62. Qh7+ 1-0

[Event "IMSA Blitz w 2016"]
[Site "Huai'an CHN"]
[Date "2016.02.28"]
[Round "8.2"]
[White "Gunina, Valentina"]
[Black "Huang, Qian"]
[Result "1-0"]
[WhiteTitle "GM"]
[BlackTitle "WGM"]
[WhiteElo "2496"]
[BlackElo "2450"]
[WhiteFideId "4167570"]
[BlackFideId "8602689"]
[EventDate "2016.02.28"]

1. d4 d5 2. c4 dxc4 3. e3 c5 4. Bxc4 cxd4 5. Nf3 Nf6 6. O-O d3 7. Nc3 Nc6 8.
Bxd3 g6 9. e4 Bg7 10. h3 O-O 11. e5 Nd5 12. Bxg6 hxg6 13. Nxd5 Nxe5 14. Nxe5
Bxe5 15. Bh6 Bg7 16. Bxg7 Kxg7 17. Qd4+ f6 18. Qc5 Qd6 19. Qxd6 exd6 20. Rfe1
Bd7 21. Rad1 Bc6 22. Nc7 Rad8 23. Ne6+ Kf7 24. Nxd8+ Rxd8 25. Rd4 d5 26. h4 a6
27. Re3 Rh8 28. Rf4 Rd8 29. Ref3 Rd6 30. g4 d4 31. Rd3 Re6 32. Rfxd4 Re1+ 33.
Kh2 g5 1-0

[Event "IMSA Blitz w 2016"]
[Site "Huai'an CHN"]
[Date "2016.02.28"]
[Round "8.4"]
[White "Khotenashvili, Bela"]
[Black "Mkrtchian, Lilit"]
[Result "1/2-1/2"]
[WhiteTitle "GM"]
[BlackTitle "IM"]
[WhiteElo "2502"]
[BlackElo "2434"]
[WhiteFideId "13602640"]
[BlackFideId "13300601"]
[EventDate "2016.02.28"]

1. Nf3 c5 2. c4 Nf6 3. Nc3 e6 4. g3 a6 5. Bg2 Be7 6. O-O Qc7 7. e4 d6 8. d3 Nc6
9. h3 O-O 10. Be3 Nd7 11. Nh2 Nd4 12. f4 Rb8 13. g4 b5 14. b3 Bb7 15. g5 f5 16.
gxf6 Nxf6 17. Ne2 Nxe2+ 18. Qxe2 bxc4 19. bxc4 Bc6 20. Rf2 Rb7 21. Ng4 Nxg4 22.
Qxg4 Qd7 23. Raf1 Rbb8 24. f5 e5 25. Bf3 Bf6 26. h4 Rb7 27. Rg2 Rfb8 28. Bg5 Qf7
29. h5 Rb2 30. Rff2 Rxf2 31. Rxf2 Bxg5 32. Qxg5 Qf6 33. Qg4 Be8 34. Rg2 h6 35.
Kh2 Rb1 36. Qg3 a5 37. Qf2 a4 38. Kh3 a3 39. Qg3 Rb2 40. Kh2 Rb1 41. Qf2 Rb2 42.
Qg3 Rb1 43. Qf2 Rb2 44. Qg3 Rb1 1/2-1/2

[Event "IMSA Blitz w 2016"]
[Site "Huai'an CHN"]
[Date "2016.02.28"]
[Round "8.6"]
[White "Socko, Monika"]
[Black "Lagno, Kateryna"]
[Result "1-0"]
[WhiteTitle "GM"]
[BlackTitle "GM"]
[WhiteElo "2448"]
[BlackElo "2529"]
[WhiteFideId "1106619"]
[BlackFideId "14109336"]
[EventDate "2016.02.28"]

1. d4 Nf6 2. c4 g6 3. Nc3 d5 4. Bf4 Bg7 5. Nf3 dxc4 6. e3 Be6 7. Ng5 Bd5 8. e4
h6 9. exd5 hxg5 10. Bxg5 Nxd5 11. Bxc4 Nb6 12. Bb3 Nc6 13. d5 Nd4 14. Be3 Nf5
15. Bc5 Be5 16. Qe2 Bd6 17. Be3 Qd7 18. O-O-O Nxe3 19. fxe3 O-O-O 20. g3 Be5 21.
e4 Kb8 22. Rhf1 f6 23. Rf2 Nc8 24. Kb1 Nd6 25. Qd3 c5 26. dxc6 Qxc6 27. Nd5 e6
28. Rc2 Qb5 29. Qxb5 Nxb5 30. Ne3 Rxd1+ 31. Nxd1 Nd4 32. Rd2 Nxb3 33. axb3 f5
34. exf5 exf5 35. Nc3 f4 36. gxf4 Bxf4 37. Rg2 g5 38. Ne4 Rxh2 39. Rxh2 Bxh2 40.
Nxg5 Kc7 41. Kc2 Bf4 42. Ne6+ Kc6 43. Nxf4 Kc5 44. Kc3 a5 45. Ne6+ Kd6 46. Nd4
Kc5 47. Nc2 Kc6 48. b4 1-0

[Event "IMSA Blitz w 2016"]
[Site "Huai'an CHN"]
[Date "2016.02.28"]
[Round "8.8"]
[White "Kosteniuk, Alexandra"]
[Black "Zhao, Xue"]
[Result "1-0"]
[WhiteTitle "GM"]
[BlackTitle "GM"]
[WhiteElo "2554"]
[BlackElo "2506"]
[WhiteFideId "4128125"]
[BlackFideId "8601283"]
[EventDate "2016.02.28"]

1. e4 b6 2. d4 Bb7 3. Nc3 e6 4. Bd3 Bb4 5. Ne2 Nf6 6. O-O d5 7. Bg5 dxe4 8. Bxe4
Bxe4 9. Nxe4 Nbd7 10. c4 Be7 11. N4g3 h6 12. Bf4 O-O 13. Qc2 Qc8 14. Rad1 Qb7
15. Nc3 Bd6 16. Bxd6 cxd6 17. d5 e5 18. Nf5 Ne8 19. Ne4 Qc7 20. Rd3 Nc5 21. Rg3
Kh8 22. Nxg7 Nxg7 23. Nf6 e4 24. b4 Qe7 25. Ng4 h5 26. bxc5 hxg4 27. cxd6 Qxd6
28. Rxg4 f5 29. Rh4+ Kg8 30. Rh3 Rac8 31. Qb3 Rc7 32. Rg3 f4 33. Rg4 Qe5 34. Rd1
e3 35. c5 e2 36. d6+ Rcf7 37. Re1 bxc5 38. Qc4 Qxd6 39. Qxe2 Rd8 40. h4 Kf8 41.
Qc4 Qd4 42. Qa6 Qd2 43. Rb1 Qd7 44. Rg6 Qd3 45. Qxd3 Rxd3 46. Rb8+ Ke7 47. Rb7+
Kf8 48. Rb8+ Ne8 49. Re6 Re7 50. Rf6+ Kg7 51. Rxf4 Nf6 52. g4 Nd5 53. Rf5 Re4
54. Rg5+ Kf6 55. Rf8+ Ke7 56. Rff5 Red4 57. h5 c4 58. h6 c3 59. h7 c2 60. h8=Q
c1=Q+ 61. Kh2 Kd7 62. Rg7+ Ne7 63. Rxe7+ Kxe7 64. Qg7+ Kd6 65. Qf8+ Kd7 66. Rf7+
Ke6 67. Qe7+ Kd5 68. Qd7+ Ke4 69. Qe6# 1-0

[Event "IMSA Blitz w 2016"]
[Site "Huai'an CHN"]
[Date "2016.02.28"]
[Round "9.1"]
[White "Zhao, Xue"]
[Black "Ju, Wenjun"]
[Result "0-1"]
[WhiteTitle "GM"]
[BlackTitle "GM"]
[WhiteElo "2506"]
[BlackElo "2558"]
[WhiteFideId "8601283"]
[BlackFideId "8603006"]
[EventDate "2016.02.28"]

1. c4 Nf6 2. Nf3 c5 3. g3 Nc6 4. Bg2 d5 5. cxd5 Nxd5 6. O-O e5 7. d3 Be7 8. Nc3
Be6 9. Bd2 O-O 10. Rc1 b6 11. a3 a5 12. Nxd5 Bxd5 13. Bc3 f6 14. Nd2 Bxg2 15.
Kxg2 Kh8 16. a4 Rb8 17. Nc4 Qd7 18. b3 Rfd8 19. Qc2 Qd5+ 20. f3 Nd4 21. Qb2 Re8
22. e4 Qe6 23. Bxd4 cxd4 24. f4 b5 25. axb5 Rxb5 26. Qc2 Reb8 27. Rb1 h6 28. Qa2
Bb4 29. h3 exf4 30. Rxf4 Bc3 31. Rff1 Qe7 32. Rf2 Qb4 33. e5 fxe5 34. Qe2 Qe7
35. Rbf1 Rxb3 36. Nxe5 Qb7+ 37. Kh2 Rb2 38. Qg4 Rxf2+ 39. Rxf2 Qd5 40. Qf5 Kg8
41. Qf4 Rb2 42. Ng6 Rxf2+ 43. Qxf2 Qf7 44. Nf4 a4 45. Qe2 a3 46. Qd1 a2 0-1